000 00946nam a22003017a 4500
001 BR2016004023
003 BR-BrBNA
005 20230928104958.0
007 ta
008 230509b bl.||||| |||| 00| 0 por d
040 _aBR-BrBNA
_bpor
_cBiblioteca Nacional de Agricultura
041 _a(Por)
072 _aL74; T01
_b7100
_b3877
090 _ 7100 BR2016004023
100 1 _aSouza, J.R. de
110 1 _aUniversidade Federal de Lavras, MG (Brasil)
_0Tese (Doutor em Entomologia)
245 1 _aToxicidade da clotianidina para a abelha africanizada Apis mellifera Linnaeus (Hymenoptera: Apidae)
260 3 _aLavras, MG (Brasil):
_c2015.
300 _a139 p.
500 _aSummaries (Eng, Por); Includes several bibliographies; 112 illus
650 _aABELHA AFRICANA
650 _aTOXIDEZ
650 _aINSETICIDA
650 _aAPIS MELLIFERA
650 _aHIMENOPTERO
909 _a202309
_bLucia
_c55
_dLucia Elande
942 _cBK
999 _c82756
_d82756